مكتبة جامعة عجلون الوطنية

فهرس بحث المكتبة

Normal view MARC view
  • ليونز، ارثر/ ترجمة محمد احمد سمارة؛ مراجعة حسن الشريف،هيثم الناهي

Entry Personal Name

Number of records used in: 1

001 - CONTROL NUMBER

  • control field: 46332

003 - CONTROL NUMBER IDENTIFIER

  • control field: JO-AjAnu

005 - DATE AND TIME OF LATEST TRANSACTION

  • control field: 20230606081646.0

008 - FIXED-LENGTH DATA ELEMENTS

  • fixed length control field: 230606|| aca||aabn | a|a d

040 ## - CATALOGING SOURCE

  • Original cataloging agency: JO-AjAnu
  • Transcribing agency: JO-AjAnu

100 ## - HEADING--PERSONAL NAME

  • Personal name: ليونز، ارثر/ ترجمة محمد احمد سمارة؛ مراجعة حسن الشريف،هيثم الناهي

670 ## - SOURCE DATA FOUND

  • Source citation: Work cat.: (JO-AjAnu)23715: ليونز، ارثر/ ترجمة محمد احمد سمارة؛ مراجعة حسن الشريف،هيثم الناهي, author, المواد للمعمارين والبنائين